| 000 | 00469nam a22001937a 4500 | ||
|---|---|---|---|
| 003 | CEME | ||
| 005 | 20210628201836.0 | ||
| 008 | 210222b xxu||||| |||| 00| 0 eng d | ||
| 020 | _a0-13-212994-9 | ||
| 040 | _c. | ||
| 082 | _a621.3815 MAN | ||
| 100 |
_aMano, M.Morris _936506 |
||
| 245 | _aDigital design | ||
| 250 | _a2ND | ||
| 260 |
_aNEW JERSEY _bPRENTICE HALL _c2000 |
||
| 300 | _aXI,515P | ||
| 650 |
_aDIGITAL DESIGN-FUNDAMENTALS _957057 |
||
| 942 |
_cBK _2ddc |
||
| 999 |
_c567364 _d567364 |
||